000 00673cam a22002292 4500
001 0000004386
005 20151217145806.0
008 070522s xx 000 0 eng d
020 _a0321189566 :
040 _aKABU
_cKABU
050 0 _aQA76.9
_b.D3D38 2004
100 1 _aDate, C. J.
_@0000148183
245 1 3 _aAn Introduction to database systems.
250 _a8th ed.
260 _aBoston :
_bAddison Wesley,
_c2004.
300 _axxvii, 983 p.
650 0 _aDatabase (Computer science)
_@0000154922
908 _a070522
950 _@1
999 _c2655
_d2655